000 00289nam a22001337a 4500
008 170815b xxu||||| |||| 00| 0 eng d
020 _a9780064671392
041 _aeng
080 _a51
100 _a36
101 _aMAT
245 _aADVANCED CALCULUS
_cDUCHATEAU,P.C
942 _2udc
_cBK
999 _c23573
_d23573